El prematuro (Record no. 85956)

MARC details
000 -LEADER
campo de control de longitud fija 00688nam a2200205 i 4500
001 - NÚMERO DE CONTROL
campo de control 85956
003 - IDENTIFICADOR DE NÚMERO DE CONTROL
campo de control ES-MaACL
005 - FECHA Y HORA DE LA ÚLTIMA TRANSACCIÓN
campo de control 20251120142554.0
007 - CAMPO FIJO DE DESCRIPCIÓN FÍSICA--INFORMACIÓN GENERAL
campo de control de longitud fija t|
008 - DATOS DE LONGITUD FIJA--INFORMACIÓN GENERAL
campo de control de longitud fija 041203s1959 sp ||||1| spa d
100 1# - ENTRADA PRINCIPAL--NOMBRE DE PERSONA
Nombre de persona Keller Arquiaga, Carmen.
9 (RLIN) 67772
245 13 - MENCIÓN DEL TÍTULO
Título El prematuro
Resto del título : guía y cuidado /
Mención de responsabilidad, etc. Carmen Keller Arquiaga, Josefina R. Manterola ; prólogo de Bosch-Marín.
260 ## - PUBLICACIÓN, DISTRIBUCIÓN, ETC.
Lugar de publicación, distribución, etc. Madrid :
Nombre del editor, distribuidor, etc. [s.n.,
Fecha de publicación, distribución, etc. 1959] (
Fabricante Canales)
300 ## - DESCRIPCIÓN FÍSICA
Extensión 211 p., 9 lám. ;
Dimensiones 21 cm.
650 ## - PUNTO DE ACCESO ADICIONAL DE MATERIA--TÉRMINO DE MATERIA
Término de materia o nombre geográfico como elemento de entrada Niños-
Subdivisión general Salud e higiene.
9 (RLIN) 15557
700 1# - ENTRADA AGREGADA--NOMBRE PERSONAL
Nombre de persona Manterola, Josefina R.
9 (RLIN) 76160
700 1# - ENTRADA AGREGADA--NOMBRE PERSONAL
Nombre de persona Bosch Marín, Juan,
Fechas asociadas al nombre 1902-1995
9 (RLIN) 30660
852 ## - LOCALIZACIÓN
Ubicación ES-MaACL
Número de control de estantería C-16196
Sublocalización o colección R.44272
Holdings
Estatus retirado Estado de pérdida Estado de daño No para préstamo Biblioteca de origen Biblioteca actual Ubicación en estantería Fecha de adquisición Fuente de adquisición Total de préstamos Signatura topográfica completa Código de barras Visto por última vez Precio de reemplazo Tipo de ítem Koha
        Biblioteca del Ateneo de Madrid Biblioteca del Ateneo de Madrid Ficheros 17/01/2008     C-16196 1089822 23/02/2023 23/02/2023 Libro impreso